01199nac a22003137a 4500001001000000003000900010005001700019008003400036040005400070072000800124100002000132100001700152100001600169110008300185245016100268246016300429260003500592300000900627490010700636500001100743650001800754650001200772650001700784650001300801650001100814650002700825650001400852650001900866BR8200732BR-BrBNA20240105115230.0230509b bl.|||m| |||| 00| 0 por d aBR-BrBNAbporcBiblioteca Nacional de Agricultura aL731 aLiberal, M.H.T.1 aRomijn, P.C.1 aVollu, E.W.1 aEmpresa de Pesquisa Agropecuaria do Estado do Rio de Janeiro, Niteroi (Brasil)1 aPresenca de Mycoplasma sp. em pulmao de bezerro de ate um ano de idade - Cantagalo-RJ [Micoplasmose; Bacteria; Exame bacteriologico; Rio de Janeiro; Brasil]1 a[Presence of Mycoplasma sp. in lung of until one year old calf - Cantagalo-RJ [Mycoplasmosis; Bacterium; Bacteriological examination; Rio de Janeiro; Brazil]]3 aNiteroi, RJ (Brasil): c1982.  a3 p. aPesquisa em Andamento - Empresa de Pesquisa Agropecuaria do Estado do Rio de Janeiro (Brazil)vno. 8x a6 ref. aDoenca animal aBezerro aMicoplasmose aBacteria aPulmao aAnalise bacteriologica aCantagalo aRio de Janeiro